| 000 | 00469cam a2200181 4500 | ||
|---|---|---|---|
| 001 | D12361 | ||
| 008 | 090401t1946 xxu||||| |||| 00| 0 eng d | ||
| 035 | _a(Sirsi) u2884 | ||
| 041 | _aeng | ||
| 100 | _aCave, J. Otway | ||
| 245 | _aProperty surveys, reports and correspondence: a practical guide on methods and procedure | ||
| 260 |
_aLondon _bEstates Gazette _c1946 |
||
| 300 | _a141p | ||
| 350 | _a0 | ||
| 520 | _aShelf 114 | ||
| 942 | _n0 | ||
| 948 | _c04/03/1997 | ||
| 999 |
_c85827 _d85827 |
||